| 000 | 00659nam a2200205 a 4500 | ||
|---|---|---|---|
| 008 | |||
| 049 | _aMAIN | ||
| 090 |
_aDT515.57 _bCIT |
||
| 245 | 0 | 0 |
_aCities of the savannah : _ca history of some towns and cities of the Nigerian savannah. |
| 260 |
_aLagos : _bNigeria magazine, _c1982. |
||
| 300 |
_a125 p., [4] p. of plates : _bill. (some col.) ; _c26 cm. |
||
| 650 | 0 |
_aCities and towns _zNigeria _xHistory. |
|
| 651 | 0 |
_aNigeria _xHistory, Local. |
|
| 700 | _aAshiwaju, Garba. | ||
| 907 |
_a.b10276683 _b11-05-10 _c11-05-10 |
||
| 003 | |||
| 005 | 20230120131036.0 | ||
| 040 | _cNUST | ||
| 942 |
_cBOOKS _kDT515.57 _mCIT |
||
| 999 |
_c95802 _d95802 |
||